000 00732nam a2200253Ia 4500
003 OSt
005 20220927110008.0
006 a|||||r|||| 00| 0
007 ta
008 220926b |||||||| |||| 00| 0 eng d
024 _a130591
037 _cReference Collections
040 _aRTL
_cRTL
_beng
041 _2eng
_aeng
082 _a"T2p2,N46, GD"
111 _a"Education (Bureau Of-), Twelth Meeting Of The Central Advisory (Board Of-)(Mysore) (24-2-1946 : India)"
_9375830
245 0 _aProceedings
260 _aDelhi
_bIndia
300 _a135p.
_ccm.
490 _aIts Pamphlet. 32
650 _aSecondary Education
942 _h"T2p2,N46, GD"
_cCC
999 _c695315
_d695315